000 00373nmm a2200169 a 4500
003 AR-BaBNM
005 20251128202921.0
008 214019s1989 ||||||||||||||000 | spa||
040 _cAR-BaBNM
100 1 _aBrito, Felipe S.
245 1 0 _aAsia-Africa
260 _aBuenos Aires
_bEstrada
_c1989
651 4 _aAsia
651 4 _aAfrica
942 _cBK
998 _cLomberg
999 _c1173
_d1173